100 Humoristes francophones (En Images) - Statistiques

Statistiques générales
  • Ce quiz a été pris 233 fois
    125 depuis la dernière actualisation
  • Le résultat moyen est 56 sur 100
Statistiques - réponses
Par images Réponse % Correct
Elie Semoun
98%
Florence Foresti
97%
Ahmed Sylla
94%
Franck Dubosc
93%
Gad Elmaleh
91%
Jeff Panacloc
91%
Kev Adams
91%
Booder
89%
Coluche
88%
Jamel Debbouze
88%
Artus
86%
Jarry
86%
Eric Antoine
85%
Mimie Mathy
84%
Paul Mirabel
84%
Alban Ivanov
83%
Anne Roumanoff
82%
Jerome Commandeur
82%
Michael Youn
82%
Jean-Marie Bigard
81%
Arnaud Tsamère
80%
Fabrice Eboué
80%
Jeremy Ferrari
80%
Pierre Palmade
79%
Ines Reg
77%
François Damiens
75%
Muriel Robin
75%
Camille Lellouche
74%
Michele Laroque
74%
Manu Payet
73%
Kyan Khojandi
72%
Laura Felpin
72%
Michele Bernier
72%
Les Bodins
71%
Issa Doumbia
69%
Blanche Gardin
68%
Claudia Tagbo
68%
Les Chevaliers du fiel
67%
Alison Wheeler
65%
Valerie Lemercier
65%
Bérangère Krief
64%
François-Xavier Demaison
64%
Chantal Ladesou
63%
Redouane Bougheraba
62%
Baptiste Lecaplain
61%
Panayotis Pascot
61%
Anthony Kavanagh
60%
Florent Peyre
60%
Laurent Gerra
60%
Melha Bedia
60%
Cartman
57%
Elodie Poux
57%
Vincent Dedienne
57%
Guillaume Bats
55%
Olivier De Benoist
55%
Jérôme Niel
54%
Raymond Devos
53%
Hakim Jemili
51%
Geremy Credeville
49%
Waly Dia
49%
Fary
48%
Chevalier et Laspales
47%
Djimo
47%
Michel Boujenah
46%
Roman Frayssinet
46%
Alex Lutz
45%
Virginie Hocq
45%
Elie Kakou
44%
Laura Laune
43%
Alex Vizorek
39%
Smaïn
39%
Nawell Madani
38%
Nicole Ferroni
38%
Bun Hay Mean
37%
Fadily Camara
35%
D'jal
34%
Jeanfi Janssens
34%
Pablo Mira
34%
Aymeric Lompret
33%
Doully
33%
Philippe Caverivière
33%
Marina Rollman
31%
Caroline Vigneaux
28%
Rachid Badouri
28%
Nora Hamzawi
27%
Guillermo Guiz
23%
Ilyes Djadel
23%
Julien Santini
23%
Nadia Roz
23%
Benjamin Tranié
22%
Anne-Sophie Girard
21%
Sophia Aram
21%
Fanny Ruwet
20%
Edgar-Yves
19%
Tania Dutel
19%
Wahid Bouzidi
17%
Laurie Peret
16%
Pierre Dac
15%
Rosa Bursztein
15%
Thomas Angelvy
15%
Aucun quiz correspondant
Distribution des résultats
% des personnes avec chaque résultat
Percentile par nombre de réponses
Votre historique - résultats
Vous n’avez pas pris ce quiz depuis la dernière actualisation